01393nam a22003137a 4500003000400000005001700004008004100021040002200062082001800084100002500102245003000127260006000157300002100217366000800238490003100246505008100277505030700358505001400665505001200679505001100691650005500702650004700757650004800804650004300852650004500895650005600940650004700996700003601043OSt20230621085457.0221006b |||||||| |||| 00| 0 eng d cBiblioteca Lado V a709.05bG851a aGriffin, Timeeditor aArtforum/bInternacional/ aNew Yorkc1993bNew York editorial and business offices c26.5x27cma122p. espa aDiciembrev1993x0864-1315 tCOLUMNSaAll-Around Esthetes Books Ecoculture Performance Real life Rock tFEATURESgIt's Been Nice Gnawing you It's a Wound-erful Life Inexorable Dissolve: James Coleman Blindsides Art Narratives of No Return: James Coleman's guaiRE Critical Reflections Tabboo! The Art of Stephen Tashjian First House Attitude is Everything and Everythind Hurts Openings: Bob Flanagan tBOOKFORUM tREVIEWS tLETTER 2Tesauro de Arte & ArquitecturaaARTE COMTEMPORANEO 2Tesauro de Arte & ArquitecturaaFOTOGRAFIA 2Tesauro de Arte & ArquitecturaaARTE VISUAL 2Tesauro de Arte & ArquitecturaaLIBROS 2Tesauro de Arte & ArquitecturaaNOTICIAS 2 Tesauro de Arte & ArquitecturaaARTE INTERNACIONAL 2 Tesauro de Arte & ArquitecturaaESCULTURA aNavarreta, Jose Antonioeeditor